| 000 | 01516nam a2200469 i 4500 | ||
|---|---|---|---|
| 001 | 33252 | ||
| 003 | KOSZ 005 | ||
| 005 | 20200511092100.0 | ||
| 008 | 980928s1998 pl e |001 0 pol | ||
| 015 | _aPB 1998/12377 | ||
| 020 | _a8320810876 | ||
| 035 | _a(PL-WaBN)b1145572x-48omnis_nlop | ||
| 035 | _ab1145572x | ||
| 035 | _a(OCoLC)830136004 | ||
| 035 | _a(PL)b000001145572x | ||
| 040 |
_aWA N _cWA N _dKOSZ 005/HR |
||
| 041 | 0 | _apol | |
| 046 | _k1998 | ||
| 080 | _a339.138 | ||
| 080 | _a(03) | ||
| 245 | 0 | 0 |
_aLeksykon marketingu / _cpod red. Jerzego Altkorna i Teodora Kramera ; [aut. haseł J. Altkorn et al.]. |
| 260 |
_aWarszawa : _bPolskie Wydawnictwo Ekonomiczne, _c1998. |
||
| 300 |
_a336 s. ; _c25 cm. |
||
| 336 |
_2rdacontent _aTekst _btxt |
||
| 337 |
_2rdamedia _aBez urządzenia pośreedniczącego _bn |
||
| 338 |
_2rdacarrier _aWolumin _bnc |
||
| 380 | _aKsiążki | ||
| 380 | _aPublikacje informacyjne | ||
| 388 | _a1901-2000 | ||
| 388 | _a1989-2000 | ||
| 500 | _aNazwy aut. na s. 7. | ||
| 504 | _aIndeksy. | ||
| 658 | _aZarządzanie i marketing | ||
| 655 | 7 |
_aEncyklopedia _2DBN |
|
| 650 | 7 |
_aMarketing _2DBN |
|
| 700 | 1 |
_aKramer, Teodor _d(1926-2014). _eRedakcja |
|
| 710 | 2 |
_aPolskie Wydawnictwo Ekonomiczne _4pbl |
|
| 700 | 1 |
_aAltkorn, Jerzy _d(1931-2004) _eAutor _eRedakcja |
|
| 856 |
_uhttp://koha.tu.koszalin.pl/cgi-bin/koha/opac-detail.pl?biblionumber=33252 _yKatalog online BPK |
||
| 942 |
_2UKD _cKS |
||
| 999 |
_c33252 _d33252 |
||